000 00431nam a2200145Ia 4500
008 240729s9999 xx 000 0 und d
022 _a2783-333X
245 0 _aروانشناسی زن
260 _aCanada
260 _bKMAN Publication Incorporation
650 _aPhilosophy. Psychology. Religion
856 _uhttps://doaj.org/toc/2a7f2e14e16c4c9695d568b585e98330
942 _2ddc
942 _cDOAJEJ
999 _c74561
_d74561
945 _a1
_bMadushi Gamage
_c1
_dMadushi Gamage